Wizard101: All Myth Spells - Statistics

General Stats
  • This quiz has been taken 14 times
  • The average score is 18 of 49
Answer Stats
Spell % Correct
Troll
100%
Cyclops
92%
Earthquake
92%
Blood Bat
85%
Minotaur
85%
Humongofrog
77%
Mythblade
77%
Myth Shield
69%
Myth Trap
62%
Medusa
54%
Myth Prism
54%
Celestial Calendar
46%
Mystic Colossus
38%
Shatter
38%
Stun
38%
Troll Minion
38%
Athena Battle Sight
31%
Cyclops Minion
31%
Ether Shield
31%
Mass Myth Prism
31%
Minotaur Minion
31%
Mythspear
31%
Ninja Pigs
31%
Snake Charmer
31%
Talos
31%
Time of Legend
31%
Vaporize
31%
Basilisk
23%
Gobbler
23%
Golem Minion
23%
Keeper of the Flame
23%
King Artorius
23%
Mega Subdue
23%
Othrus
23%
Pierce
23%
Scion of Myth
23%
Subdue
23%
Witch's Housecall
23%
Blinding Light
15%
Buff Minion
15%
Cleanse Ward
15%
Dimension Shift
15%
Draw Power
15%
Mend Minion
15%
Saga of Heroes
15%
Shield Minion
15%
Shift
15%
Siphon Health
15%
Vassanji
15%
No matching quizzes found
Score Distribution
Percent of People with Each Score
Percentile by Number Answered
Your Score History
You have not taken this quiz